000 00437nam a2200157Ia 4500
008 230718s9999 xx 000 0 und d
041 _aeng
082 _a620.1
_bBAP
100 _aBaphana R.M.
245 _aEngineering Mechanics Statics And Dynamics
260 _c2004
_bTech Max Publications
300 _a941
365 _cRs.
_b390.00
700 _aBaphana R.M. & Passi M.
906 _dB:20045/08.04.200419-Aug-2005
_cALLIED
_b58.5
999 _c307610
_d307610